Christ and Man`s Delamma (Record no. 5430)
[ view plain ]
| 000 -LEADER | |
|---|---|
| fixed length control field | 00616nam a2200241 a 4500 |
| 020 ## - INTERNATIONAL STANDARD BOOK NUMBER | |
| ISBN | |
| 082 00 - DEWEY DECIMAL CLASSIFICATION NUMBER | |
| Classification number | 232 |
| Author Cutter | BUT |
| 100 ## - MAIN ENTRY--AUTHOR NAME | |
| Author name | Buttrick, George |
| 245 ## - TITLE STATEMENT | |
| Title | Christ and Man`s Delamma |
| Sub title | Author of Prayer Applies His Spiritual Insight to |
| 260 ## - PUBLICATION, DISTRIBUTION, ETC. (IMPRINT) | |
| Place of publication | New York |
| Name of publisher | Abingdon Press |
| Year of publication | 1956 |
| 300 ## - PHYSICAL DESCRIPTION | |
| Number of Pages | 224p |
| 500 ## - GENERAL NOTE | |
| General note | includes index and biblioraphy |
| 505 2# - FORMATTED CONTENTS NOTE | |
| Formatted contents note | Index |
| 650 ## - SUBJECT ADDED ENTRY--TOPICAL TERM | |
| Topical Term | Jesus Christ |
| 942 ## - ADDED ENTRY ELEMENTS (KOHA) | |
| Koha item type | Books |
| 700 1# - | |
| -- | Buttrick, George |
| Collection code | Home library | Current library | Date acquired | Cost, normal purchase price | Full call number | Accession Number | Koha item type |
|---|---|---|---|---|---|---|---|
| Henry Martyn Institute Library | Henry Martyn Institute Library | 06/15/2007 | 92.00 | 232 BUT | 05890 | Books |
